The ii7V7 progression

محفوظ في:
التفاصيل البيبلوغرافية
المؤلف الرئيسي: De Cosmo, Emile (مؤلف)
التنسيق: كتاب
اللغة:الإنجليزية
منشور في: Miami EDC 1992
سلاسل:Polytonal Rhythm Series
الموضوعات:
الوسوم: إضافة وسم
لا توجد وسوم, كن أول من يضع وسما على هذه التسجيلة!

MARC

LEADER 00000nam a2200000 a 4500
001 UCZ6253
003 CL-VaPUC
008 951205e19920000US |||||||||||||||||eng|d
082 0 4 |a 781.65142  |b DEC  |2 21 
100 0 |a De Cosmo, Emile  |e author  |9 350486 
245 1 4 |a The ii7V7 progression 
300 |a 58 p 
942 |c BK 
945 |d 19951205 00:00:00  |a rleighto 
260 |a Miami  |b EDC  |c 1992 
650 0 |a Jazz  |9 350487 
650 0 |a Técnicas musicales  |9 350488 
650 0 |a Improvisación  |9 350489 
650 7 |a PROGRESIONES MUSICALES  |2 CL-VaPUC  |9 350490 
583 |a last modification  |c 19951205 00:00:00  |k Rodrigo Vera 
490 0 |a Polytonal Rhythm Series 
999 |c 242482  |d 242480 
952 |0 0  |1 0  |4 0  |6 781_651420000000000_DEC_1992  |7 0  |8 A  |9 255490  |a BIBEDU  |b BIBEDU  |d 2019-11-19  |i 3157997  |o 781.65142 DEC 1992  |p 3157997  |r 2023-01-12  |w 2019-11-19  |y BK  |k MUS